| 000 | 00401nam a2200157Ia 4500 | ||
|---|---|---|---|
| 008 | 230917s9999||||xx |||||||||||||| ||und|| | ||
| 040 |
_e27297 _aMAIN |
||
| 041 | _aEnglish | ||
| 082 | _a510.2462 K889A | ||
| 100 | _aKreyszig, Erwin | ||
| 245 | 0 | _aAdvanced Engineering mathematics | |
| 250 | _a5th ed. | ||
| 260 |
_aNew Delhi _bNew Age International _c1997 |
||
| 300 | _aix,988 p. + 17 | ||
| 942 | _cBK | ||
| 999 |
_c97922 _d97922 |
||